| 000 | 01393nam a22002777a 4500 | ||
|---|---|---|---|
| 999 |
_c6497 _d6497 |
||
| 003 | OSt | ||
| 005 | 20200212124843.0 | ||
| 008 | 200212s2010 ck a|||br|||| 00| 1dspa d | ||
| 020 | _a9789972090059 | ||
| 040 |
_aCO-JMCR _cCO-JMCR |
||
| 041 | 0 | _aspa | |
| 082 | 0 | 4 |
_aC / _bAREm |
| 100 | 1 |
_aArévalo, Javier, _eautor _9486 |
|
| 245 | 1 | 3 |
_aEl misterio del pollo en la batea / _cJavier Arévalo ; ilustraciones de Christian Ayuni |
| 250 | _aSegunda edición | ||
| 260 |
_aBogotá : _bNorma, _c2010 |
||
| 300 |
_a60 páginas : _bilustraciones ; _c20 cm. |
||
| 490 | 0 | _aTorre de papel. Roja | |
| 500 | _aIncluye datos biográficos del autor en la tapa posterior | ||
| 520 | _aOnce de la mañana. Azotea de la casa de Rafael. Su pollo es encontrado muerto dentro de una batea. La mamá asegura que fue un accidente. Rafael duda pero, al observar con detalle la escena, llega a una conclusión: Humberto, el pollo, ha sido asesinado. Rafael decide buscar al culpable, el problema es que los principales sospechosos son su papá, su mamá, su prima Demonio y la secretaria del hogar, Luztgarda. Cualquiera de ellos pudo cometer el crimen... La pregunta es quién lo hizo. | ||
| 521 | _aA partir de los 7 años | ||
| 650 | 1 | 4 |
_aCuentos infantiles peruanos _ySiglo XXI _9487 |
| 650 | 2 | 4 |
_aLiteratura peruana _ySiglo XXI _9488 |
| 700 | 1 |
_aAyuni, Christian, _eilustrador _9489 |
|
| 942 |
_2ddc _cBK |
||